000 00449nam a2200169Ia 4500
999 _c33285
_d33285
003 OSt
005 20211102100907.0
008 190216s9999||||xx |||||||||||||| ||und||
040 _coclc
082 _a621.381
_bITT/B
100 _aIttyavirah
_98880
245 0 _aElectronics /
_cIttyavirah
260 _bResmi Printers,
_aPalai:
300 _a392p
650 _aPhysics
942 _cBK
_2ddc
_h621.381
_iITT/B
_k621.381
_mITT/B